| 000 | 01565nam a22002537a 4500 | ||
|---|---|---|---|
| 999 |
_c58586 _d58586 |
||
| 003 | Ge_BSU | ||
| 005 | 20220608123859.0 | ||
| 008 | 220608s1974ge xxu||||| |||| 00| 0 geo d | ||
| 020 | _a9789941800405 | ||
| 041 | _ageo | ||
| 080 | _a1(38)+821.14'01 | ||
| 100 |
_aპლატონი, 427-347 წ. ჩვ. წ _914010 |
||
| 245 |
_aიონი ; დიდი ჰიპია ; მენონი : _b[დიალოგები] / _cპლატონი ; ძველი ბერძნულიდან თარგმნა, წინათქმები და შენიშვნები დაურთო ბაჩანა ბრეგვაძემ ; ლიტ. რედაქტორი ანი ბრეგვაძე ; მხატვრები: მერაბ გეწაძე, ვასილ ნასიბოვი. |
||
| 264 |
_aთბილისი : _b Carpe diem, _c 2019. |
||
| 300 |
_a292 გვ. ; _c16 სმ. |
||
| 501 | _aშენიშვნები: გვ . 243-291 | ||
| 653 | _aიონი დიდი ჰიპია მენონი | ||
| 653 | _aფილოსოფია | ||
| 700 |
_aბრეგვაძე, ბაჩანა _eმთარგმნელი _914011 |
||
| 700 |
_aბრეგვაძე , ანი _eლიტერატურული რედაქტორი _913942 |
||
| 700 |
_aგეწაძე, მერაბ _eმხატვარი _95470 |
||
| 700 |
_aნასიბოვი, ვასილ _eმხატვარი _95472 |
||
| 942 |
_2udc _cBK |
||